| 000 | 00694nam a22002177a 4500 | ||
|---|---|---|---|
| 008 | 231012b |||||||| |||| 00| 0 eng d | ||
| 020 | _a0385044124 | ||
| 040 |
_aCUZ _cCUZ _dCUZ _beng _erda |
||
| 050 | 0 | 0 |
_aBS192.2 _bANC |
| 245 | 1 | 0 |
_aThe Epistle of James, Peter, and Jude : _bIntroduction,Translations and Notes / _cby Bo Riecke. |
| 264 |
_aGarden City, N.Y. : _bDoubleday, _c1985. |
||
| 300 |
_axxxviii, 221 pages , _c24 cm. |
||
| 336 |
_atext _btxt |
||
| 337 |
_aunmediated _bn |
||
| 338 | _2rdacarrier | ||
| 490 | 1 | _aThe Anchor Bible ;volume 37. | |
| 500 | _aIncludes index. | ||
| 942 | _cOS | ||
| 999 |
_c44924 _d44924 |
||